000 00310nam a22001337a 4500
020 _a978-93-83197-43-9
082 _a894.812
_bGAN/C
100 _aDr.V.P.GANGADHARAN
245 _aCANCERINE PEDIKENDA
260 _aKOTTAYAM
_bMANORAMA BOOKS
_c2016
300 _a136
650 _aHEALTHCARE
_zKERALA
942 _cBK
999 _c1063
_d1063